NHL:n tähdistöottelussa pelanneet suomalaiset - Statistics

Yleistilastot
  • Tätä visaa on pelattu 120 kertaa
  • Keskiarvotulos 15 / 23
Vastaustilastot
Vuodet Pelipaikka Nimi % Oikein
1993-94, 96-00, 02-03, 07 H Teemu Selänne
97%
1983, 85-86, 88-90, 93, 98 H Jari Kurri
94%
2019, 22, 24 H Sebastian Aho
94%
2019, 23 H Mikko Rantanen
93%
2017 MV Tuukka Rask
90%
2018, 23 H Aleksander Barkov
89%
2016, 18-19 MV Pekka Rinne
88%
2019 P Miro Heiskanen
86%
2022-23 MV Juuse Saros
83%
1998 H Saku Koivu
78%
2007 MV Miikka Kiprusoff
73%
2017 H Patrik Laine
71%
2004, 07-08, 12 P Kimmo Timonen
67%
2003 H Olli Jokinen
66%
1999-01 P Teppo Numminen
63%
1986 P Reijo Ruotsalainen
61%
1998 H Jere Lehtinen
55%
2000, 02 H Sami Kapanen
41%
1988 H Christian Ruuttu
38%
2009 MV Niklas Bäckström
31%
2001 P Janne Niinimaa
28%
2016 H Leo Komarov
22%
1982 P Pekka Rautakallio
19%
Ehtoja vastaavia visoja ei löytynyt
Tulosjakauma
Jokaisen tuloksen saaneiden osuus
Persentiili vastausten määrän mukaan
Tuloshistoriasi
Et ole pelannut tätä visaa